TEXTBOOK OF PHARMACEUTICS - II : For 2nd, year Diploma in Pharmacy (Record no. 9008)

MARC details
000 -LEADER
fixed length control field 00561nam a22001817a 4500
005 - DATE AND TIME OF LATEST TRANSACTION
control field 20251128115810.0
008 - FIXED-LENGTH DATA ELEMENTS--GENERAL INFORMATION
fixed length control field 251125b |||||||| |||| 00| 0 eng d
020 ## - INTERNATIONAL STANDARD BOOK NUMBER
ISBN 978-93-88022-90-3
041 ## - LANGUAGE CODE
Language code of text/sound track or separate title eng
082 ## - DEWEY DECIMAL CLASSIFICATION NUMBER
Classification number 615.3 SAN-T
100 ## - MAIN ENTRY--AUTHOR NAME
Personal name SANSARE, VIPUL A. & KANAVAJE, ABHIJEET M AND UDDIN, REHAN
245 ## - TITLE STATEMENT
Title TEXTBOOK OF PHARMACEUTICS - II : For 2nd, year Diploma in Pharmacy
250 ## - EDITION STATEMENT
Edition statement re, print ed, 2023
260 ## - PUBLICATION, DISTRIBUTION, ETC. (IMPRINT)
Place of publication NEW DELHI
Name of publisher INNOVATIVE PUBLICATIONS PVT, LTD
Year of publication 2023
300 ## - PHYSICAL DESCRIPTION
Number of Pages 178;P
650 ## - SUBJECT ADDED ENTRY--TOPICAL TERM
Topical Term PHARMACY
General subdivision D.PHARMA
942 ## - ADDED ENTRY ELEMENTS (KOHA)
Koha item type Books
Holdings
Lost status Damaged status Collection code Home library Current library Shelving location Date acquired Source of acquisition Cost, normal purchase price Full call number Accession Number Koha item type
    PHARMACY JRU Library JRU Library SHELF-3-E 14/11/2025 PURCHASE 395.00 615.3 29119 Books